Normal view
MARC view
- Banwart,George J.
Entry Personal Name
001 - CONTROL NUMBER
- control field: 588
003 - CONTROL NUMBER IDENTIFIER
- control field: OSt
005 - DATE AND TIME OF LATEST TRANSACTION
- control field: 20160625111646.0
008 - FIXED-LENGTH DATA ELEMENTS
- fixed length control field: 160625|| aca||aabn | a|a d
040 ## - CATALOGING SOURCE
- Original cataloging agency: OSt
- Transcribing agency: OSt
100 ## - HEADING--PERSONAL NAME
- Personal name: Banwart,George J.
670 ## - SOURCE DATA FOUND
- Source citation: Work cat.: (OSt): Banwart,George J., Basic Food Microbiology, 2004
